Tips for taking care of your mental health (KHMER) / (Record no. 48872)
| 000 -LEADER | |
|---|---|
| fixed length control field | 00365nam a2200121 4500 |
| 020 ## - INTERNATIONAL STANDARD BOOK NUMBER | |
| International Standard Book Number | 9789924341994 |
| 100 ## - MAIN ENTRY--PERSONAL NAME | |
| Personal name | Soth, Rachani |
| 9 (RLIN) | 86258 |
| 245 ## - TITLE STATEMENT | |
| Title | Tips for taking care of your mental health (KHMER) / |
| Statement of responsibility, etc | Rachani Soth |
| 260 ## - PUBLICATION, DISTRIBUTION, ETC. (IMPRINT) | |
| Place of publication, distribution, etc | Cambodia |
| Name of publisher, distributor, etc | Sipar |
| Date of publication, distribution, etc | 2024 |
| 300 ## - PHYSICAL DESCRIPTION | |
| Extent | 54 p. |
| Other physical details | col. ill. |
| Dimensions | 21 cm. |
| 650 ## - SUBJECT ADDED ENTRY--TOPICAL TERM | |
| Topical term or geographic name as entry element | Mental health |
| Form subdivision | Khmer Literature |
| 9 (RLIN) | 86259 |
| 942 ## - ADDED ENTRY ELEMENTS (KOHA) | |
| Source of classification or shelving scheme | |
| Koha item type | Book |
| Withdrawn status | Lost status | Source of classification or shelving scheme | Damaged status | Not for loan | Collection code | Home library | Current library | Shelving location | Date acquired | Total Checkouts | Full call number | Barcode | Date last seen | Date checked out | Price effective from | Koha item type |
|---|---|---|---|---|---|---|---|---|---|---|---|---|---|---|---|---|
| Siem Riep | Asian Hope Primary Library | Asian Hope Primary Library | Non Fiction | 04/28/2025 | 9 | KHMER 616.891 SOT | 206746 | 04/23/2026 | 04/09/2026 | 04/28/2025 | Book |